{"text_format":"3","workbook":"xlsx","n_sheets":1,"sheets":["t391"],"read":"whole","date_system":"1900"}

{"sheet":"t391","index":0,"n_rows":132,"n_cols":7,"rows_kept":132,"merged":[[0,0,0,6],[30,0,30,5],[35,0,35,5],[119,0,119,5]]}
["TABELA 391.1 - Estatísticas Agrícolas, Município de Palmares Paulista, Estado de São Paulo, 2007/08."]
["ITEM","UNIDADE","N.DE UPAs","MÍNIMO","MÉDIO","MÁXIMO","TOTAL"]
["Distância à sede do município","km",77,0.3,4.9,10.3,"-"]
["Área total","hectare",77,1.5,{"v":100.16,"d":"100.2"},658.5,{"v":7712.3,"d":"7,712.3"}]
["Área com cultura perene","hectare",7,{"v":2,"d":"2.0"},{"v":17.36,"d":"17.4"},83.6,121.5]
["Área com cultura temporária","hectare",72,0.4,{"v":86.43,"d":"86.4"},540.7,{"v":6222.8,"d":"6,222.8"}]
["Área com pastagem","hectare",23,1.5,{"v":6.63,"d":"6.6"},31.4,152.4]
["Área com reflorestamento","hectare",3,{"v":1,"d":"1.0"},4.5,8.5,13.5]
["Área com vegetação natural","hectare",18,0.5,{"v":18.35,"d":"18.4"},87.6,{"v":330.36,"d":"330.4"}]
["Área com vegetação de brejo e várzea","hectare",35,0.6,{"v":20.96,"d":"21.0"},115.5,733.6]
["Área em descanso","hectare","-","-","-","-",{"v":0,"d":"0.0"}]
["Área complementar","hectare",49,0.2,{"v":2.82,"d":"2.8"},63.6,{"v":138.14,"d":"138.1"}]
["Área das UPAs com (0, 1] ha","hectare","-","-","-","-","-"]
["Área das UPAs com (1, 2] ha","hectare",2,1.5,{"v":1.55,"d":"1.6"},1.6,3.1]
["Área das UPAs com (2, 5] ha","hectare",2,3.6,3.7,3.8,7.4]
["Área das UPAs com (5, 10] ha","hectare",6,{"v":6,"d":"6.0"},{"v":6.92,"d":"6.9"},{"v":10,"d":"10.0"},41.5]
["Área das UPAs com (10, 20] ha","hectare",11,10.8,{"v":14.91,"d":"14.9"},18.8,{"v":164,"d":"164.0"}]
["Área das UPAs com (20, 50] ha","hectare",19,21.7,{"v":38.13,"d":"38.1"},48.4,724.4]
["Área das UPAs com (50, 100] ha","hectare",17,65.3,{"v":81.89,"d":"81.9"},98.9,{"v":1392.1,"d":"1,392.1"}]
["Área das UPAs com (100, 200] ha","hectare",8,108.9,{"v":134.83,"d":"134.8"},174.7,{"v":1078.6,"d":"1,078.6"}]
["Área das UPAs com (200, 500] ha","hectare",10,207.8,{"v":301.35,"d":"301.4"},435.6,{"v":3013.5,"d":"3,013.5"}]
["Área das UPAs com (500, 1.000] ha","hectare",2,629.2,{"v":643.85,"d":"643.9"},658.5,{"v":1287.7,"d":"1,287.7"}]
["Área das UPAs com (1.000, 2.000] ha","hectare","-","-","-","-","-"]
["Área das UPAs com (2.000, 5.000] ha","hectare","-","-","-","-","-"]
["Área das UPAs com (5.000, 10.000] ha","hectare","-","-","-","-","-"]
["Área das UPAs acima de 10.000 ha","hectare","-","-","-","-","-"]
["Familiares do proprietário que trabalham na UPA","unidade",19,{"v":1,"d":"1.0"},{"v":1.37,"d":"1.4"},{"v":3,"d":"3.0"},{"v":26,"d":"26.0"}]
["Trabalhadores permanentes","unidade",21,{"v":1,"d":"1.0"},{"v":2.24,"d":"2.2"},{"v":5,"d":"5.0"},{"v":47,"d":"47.0"}]
["Fonte: Secretaria de Agricultura e Abastecimento, CDRS/IEA, Projeto LUPA."]
[]
["TABELA 391.2 - Explorações Animais, Município de Palmares Paulista, Estado de São Paulo, 2007/08."]
["ITEM","UNIDADE","N.DE UPAs","MÍNIMO","MÉDIO","MÁXIMO","TOTAL"]
["Bovinocultura Mista","cabeças",15,{"v":5,"d":"5.0"},{"v":17.13,"d":"17.1"},{"v":68,"d":"68.0"},{"v":257,"d":"257.0"}]
["Fonte: Secretaria de Agricultura e Abastecimento, CDRS/IEA, Projeto LUPA."]
[]
["TABELA 391.3 -  Máquinas, Implementos e Benfeitorias, Município de Palmares Paulista, Estado de São Paulo, 2007/08."]
["ITEM","UNIDADE","N.DE UPAs","MÍNIMO","MÉDIO","MÁXIMO","TOTAL"]
["Arado Comum (Bacia, Aiveca)","Unidade",15,{"v":1,"d":"1.0"},{"v":1.47,"d":"1.5"},{"v":3,"d":"3.0"},{"v":22,"d":"22.0"}]
["Arado Escarificador","Unidade",10,{"v":1,"d":"1.0"},1.8,{"v":4,"d":"4.0"},{"v":18,"d":"18.0"}]
["Arado Subsolador","Unidade",7,{"v":1,"d":"1.0"},{"v":1,"d":"1.0"},{"v":1,"d":"1.0"},{"v":7,"d":"7.0"}]
["Carregadeira de Cana","Unidade",11,{"v":1,"d":"1.0"},{"v":1.18,"d":"1.2"},{"v":2,"d":"2.0"},{"v":13,"d":"13.0"}]
["Conj.Irrigação Convencional","Unidade",1,{"v":1,"d":"1.0"},{"v":1,"d":"1.0"},{"v":1,"d":"1.0"},{"v":1,"d":"1.0"}]
["Desintegrador, Picador, Triturador","Unidade",14,{"v":1,"d":"1.0"},{"v":1.14,"d":"1.1"},{"v":2,"d":"2.0"},{"v":16,"d":"16.0"}]
["Distribuidor de Calcário","Unidade",11,{"v":1,"d":"1.0"},{"v":1.09,"d":"1.1"},{"v":2,"d":"2.0"},{"v":12,"d":"12.0"}]
["Grade Aradora (Tipo Romi)","Unidade",9,{"v":1,"d":"1.0"},{"v":1.11,"d":"1.1"},{"v":2,"d":"2.0"},{"v":10,"d":"10.0"}]
["Grade Niveladora","Unidade",20,{"v":1,"d":"1.0"},1.3,{"v":2,"d":"2.0"},{"v":26,"d":"26.0"}]
["Pulverizador Tratorizado","Unidade",16,{"v":1,"d":"1.0"},{"v":1.06,"d":"1.1"},{"v":2,"d":"2.0"},{"v":17,"d":"17.0"}]
["Semeadeira/Adubadeira para Plantio Convencional","Unidade",10,{"v":1,"d":"1.0"},{"v":1,"d":"1.0"},{"v":1,"d":"1.0"},{"v":10,"d":"10.0"}]
["Semeadeira/Plantadeira Plantio Direto","Unidade",2,{"v":1,"d":"1.0"},{"v":1,"d":"1.0"},{"v":1,"d":"1.0"},{"v":2,"d":"2.0"}]
["Terraceador","Unidade",2,{"v":1,"d":"1.0"},{"v":1,"d":"1.0"},{"v":1,"d":"1.0"},{"v":2,"d":"2.0"}]
["Trator de Esteiras","Unidade",1,{"v":1,"d":"1.0"},{"v":1,"d":"1.0"},{"v":1,"d":"1.0"},{"v":1,"d":"1.0"}]
["Trator de Pneus","Unidade",20,{"v":1,"d":"1.0"},2.7,{"v":7,"d":"7.0"},{"v":54,"d":"54.0"}]
["Açude/Represa","Unidade",12,{"v":1,"d":"1.0"},{"v":1.17,"d":"1.2"},{"v":3,"d":"3.0"},{"v":14,"d":"14.0"}]
["Almoxarifado/Oficina","Unidade",9,{"v":1,"d":"1.0"},{"v":1.11,"d":"1.1"},{"v":2,"d":"2.0"},{"v":10,"d":"10.0"}]
["Armazém para Grãos Ensacados","Sacas",3,{"v":1,"d":"1.0"},{"v":1668,"d":"1,668.0"},{"v":5000,"d":"5,000.0"},{"v":5004,"d":"5,004.0"}]
["Balança para Veículos","Unidade",1,{"v":1,"d":"1.0"},{"v":1,"d":"1.0"},{"v":1,"d":"1.0"},{"v":1,"d":"1.0"}]
["Barracão/Galpão/Garagem","Unidade",27,{"v":1,"d":"1.0"},{"v":1.37,"d":"1.4"},{"v":3,"d":"3.0"},{"v":37,"d":"37.0"}]
["Casa de Moradia Habitada","Unidade",32,{"v":1,"d":"1.0"},{"v":1.88,"d":"1.9"},{"v":4,"d":"4.0"},{"v":60,"d":"60.0"}]
["Casa de Moradia Total","Unidade",39,{"v":1,"d":"1.0"},{"v":2.82,"d":"2.8"},{"v":16,"d":"16.0"},{"v":110,"d":"110.0"}]
["Curral/Mangueira","Unidade",23,{"v":1,"d":"1.0"},{"v":1.04,"d":"1.0"},{"v":2,"d":"2.0"},{"v":24,"d":"24.0"}]
["Depósito/Tulha","Unidade",25,{"v":1,"d":"1.0"},{"v":1.28,"d":"1.3"},{"v":2,"d":"2.0"},{"v":32,"d":"32.0"}]
["Instalações para Equinos","Unidade",1,{"v":10,"d":"10.0"},{"v":10,"d":"10.0"},{"v":10,"d":"10.0"},{"v":10,"d":"10.0"}]
["Máquina de Benefício","Unidade",1,{"v":2,"d":"2.0"},{"v":2,"d":"2.0"},{"v":2,"d":"2.0"},{"v":2,"d":"2.0"}]
["Pocilga","Unidade",2,{"v":1,"d":"1.0"},1.5,{"v":2,"d":"2.0"},{"v":3,"d":"3.0"}]
["Poço Semi-Artesiano","Unidade",31,{"v":1,"d":"1.0"},{"v":1,"d":"1.0"},{"v":1,"d":"1.0"},{"v":31,"d":"31.0"}]
["Secador de Grãos","Unidade",1,{"v":1,"d":"1.0"},{"v":1,"d":"1.0"},{"v":1,"d":"1.0"},{"v":1,"d":"1.0"}]
["Silo para Silagem","t",1,{"v":10,"d":"10.0"},{"v":10,"d":"10.0"},{"v":10,"d":"10.0"},{"v":10,"d":"10.0"}]
["Terreiro","m²",15,{"v":100,"d":"100.0"},{"v":750,"d":"750.0"},{"v":3000,"d":"3,000.0"},{"v":11250,"d":"11,250.0"}]
["Fonte: Secretaria de Agricultura e Abastecimento, CDRS/IEA, Projeto LUPA."]
[]
["TABELA 391.4 - Outras Estatísticas Agrícolas, Município de Palmares Paulista, Estado de São Paulo, 2007/08."]
["ITEM","Número de UPAs",null,"Percentual"]
["Faz Parte de Associação de Produtores",38,null,{"v":49.35064935064935,"d":"49.4"}]
["Faz Parte de Cooperativa de Produtores",41,null,{"v":53.24675324675325,"d":"53.2"}]
["Faz Parte do Sindicato de Produtores",21,null,{"v":27.27272727272727,"d":"27.3"}]
["Não utiliza assistência técnica ",30,null,{"v":38.96103896103896,"d":"39.0"}]
["Utiliza somente assistência técnica governamental ",1,null,{"v":1.2987012987012987,"d":"1.3"}]
["Utiliza somente assistência técnica privada ",8,null,{"v":10.38961038961039,"d":"10.4"}]
["Utiliza assistência técnica tanto governamental quanto privada",38,null,{"v":49.35064935064935,"d":"49.4"}]
["Utiliza Crédito Rural",7,null,{"v":9.090909090909092,"d":"9.1"}]
["Utiliza Seguro Rural",1,null,{"v":1.2987012987012987,"d":"1.3"}]
["Utiliza Escrituração Agrícola",21,null,{"v":27.27272727272727,"d":"27.3"}]
["Acessa Internet p/ Fins na Agropecuária","-",null,"-"]
["Utiliza Computador nas Atividades Agropecuárias",5,null,{"v":6.493506493506494,"d":"6.5"}]
["Utiliza Energia Elétrica Para Uso na Atividade Agrícola",46,null,{"v":59.74025974025973,"d":"59.7"}]
["Realiza Análise de Solo, quando necessário",27,null,{"v":35.064935064935064,"d":"35.1"}]
["Utiliza Práticas de Conservação de Solo, quando necessário",71,null,{"v":92.20779220779221,"d":"92.2"}]
["Faz Adubação Mineral, quando necessário",42,null,{"v":54.54545454545454,"d":"54.5"}]
["Faz Adubação Orgânica, quando necessário",13,null,{"v":16.883116883116884,"d":"16.9"}]
["Faz Adubação Verde, quando necessário",24,null,{"v":31.168831168831172,"d":"31.2"}]
["Utiliza Manejo Integrado de Pragas (MIP)","-",null,"-"]
["Utiliza Hidroponia","-",null,"-"]
["Utiliza Plasticultura","-",null,"-"]
["Utiliza Mudas Fiscalizadas",43,null,{"v":55.84415584415584,"d":"55.8"}]
["Utiliza Semente Melhorada",2,null,{"v":2.5974025974025974,"d":"2.6"}]
["Faz Confinamento de Bovinos","-",null,"-"]
["Utiliza Pastejo Intensivo",1,null,{"v":1.2987012987012987,"d":"1.3"}]
["Faz Inseminação Artificial","-",null,"-"]
["Faz Mineralização do Rebanho",8,null,{"v":10.389610389610388,"d":"10.4"}]
["Faz Vermifugação do Rebanho",8,null,{"v":10.389610389610388,"d":"10.4"}]
["Possui Parceiros /Arrendatários na Exploração Animal",9,null,{"v":11.688311688311687,"d":"11.7"}]
["Esporte e lazer","-",null,"-"]
["Extração mineral","-",null,"-"]
["Hotel Fazenda, Pousada ou SPA","-",null,"-"]
["Pesque-pague","-",null,"-"]
["Restaurante ou Lanchonete","-",null,"-"]
["Transformação artesanal","-",null,"-"]
["Turismo rural ou ecoturismo","-",null,"-"]
["Outras atividades econômicas rurais","-",null,"-"]
["Agroindústria","-",null,"-"]
["Proprietário sem instrução ou com instrução incompleta",2,null,{"v":2.5974025974025974,"d":"2.6"}]
["Proprietário com antigo primário completo",12,null,{"v":15.584415584415586,"d":"15.6"}]
["Proprietário com 1° grau (ou antigo ginasial) completo",8,null,{"v":10.389610389610388,"d":"10.4"}]
["Proprietário com 2° grau (ou antigo colegial) completo",5,null,{"v":6.493506493506494,"d":"6.5"}]
["Proprietário com curso superior completo ",38,null,{"v":49.35064935064935,"d":"49.4"}]
["Pessoa Jurídica",12,null,{"v":15.584415584415586,"d":"15.6"}]
["Proprietário residente na própria UPA ",5,null,{"v":6.493506493506494,"d":"6.5"}]
["Fonte: Secretaria de Agricultura e Abastecimento, CDRS/IEA, Projeto LUPA."]
[]
["TABELA 391.5 - Área Cultivada, Município de Palmares Paulista, Estado de São Paulo, 2007/08."]
["CULTURA","N.DE UPAs","MÍNIMO","MÉDIO","MÁXIMO","TOTAL"]
["Cana-de-acucar",71,3.6,{"v":87.65,"d":"87.7"},540.7,{"v":6222.8,"d":"6,222.8"}]
["Braquiaria",16,1.5,{"v":7.53,"d":"7.5"},31.4,120.5]
["Seringueira",4,4.8,27.1,83.6,108.4]
["Gramas",7,1.5,4.2,8.5,29.4]
["Eucalipto",3,{"v":1,"d":"1.0"},4.5,8.5,13.5]
["Limao",2,{"v":2,"d":"2.0"},{"v":3,"d":"3.0"},{"v":4,"d":"4.0"},{"v":6,"d":"6.0"}]
["Manga",1,4.6,4.6,4.6,4.6]
["Capim-napier (ou capim-elefante)",1,2.5,2.5,2.5,2.5]
["Laranja",1,2.5,2.5,2.5,2.5]
["Alface",1,0.4,0.4,0.4,0.4]
["Fonte: Secretaria de Agricultura e Abastecimento, CDRS/IEA, Projeto LUPA."]